United States policy towards El Salvador: september 1979-to the present/

El documento presenta los orígenes de la política de 1979 de Estados Unidos con El Salvador, en el que se puntualiza por períodos de meses los procesos que se presentaron en la relación política de ambas naciones, así como las características económicas y políticas que pasaron ambos países en dichos...

Ful tanımlama

Kaydedildi:
Detaylı Bibliyografya
Yazar: Foote, Heather
Materyal Türü: Metin
Dil:Spanish
Baskı/Yayın Bilgisi: Washington: Washington Office
Konular:
Etiketler: Etiketle
Etiket eklenmemiş, İlk siz ekleyin!

MARC

LEADER 00000 a a2200000 04500
001 21727
003 cru IIS
005 20220719123943.0
008 220712b |||||||| |||| 00| 0 spa d
040 |c cru IIS 
090 |a 01.02.01 F688u 
100 |a Foote, Heather  
245 |a United States policy towards El Salvador: september 1979-to the present/  |c Heather Foote 
260 |a Washington:   |b Washington Office  
300 |a 25 p.  
520 |a El documento presenta los orígenes de la política de 1979 de Estados Unidos con El Salvador, en el que se puntualiza por períodos de meses los procesos que se presentaron en la relación política de ambas naciones, así como las características económicas y políticas que pasaron ambos países en dichos períodos y en este proceso. 
650 0 |9 3691  |a POLITICA 
650 0 |9 143  |a ECONOMIA 
650 4 |9 2646  |a RELACIONES INTERNACIONALES 
651 0 |9 245  |a ESTADOS UNIDOS 
651 4 |9 1928  |a EL SALVADOR 
942 |2 ddc  |c LI 
999 |c 14519  |d 14519